Statistics for Which Country Has The Highest HDI?

Click here to take the quiz!

General Stats

  • This quiz has been taken 14 times
  • The average score is 5 of 15

Answer Stats

QuestionAnswer% Correct
Which Country Has The Highest HDI?Argentina
57%
Which Country Has The Highest HDI?New Zealand
57%
Which Country Has The Highest HDI?Uruguay
50%
Which Country Has The Highest HDI?Brazil
43%
Which Country Has The Highest HDI?Denmark
43%
Which Country Has The Highest HDI?Guyana
36%
Which Country Has The Highest HDI?Chile
29%
Which Country Has The Highest HDI?Lithuania
29%
Which Country Has The Highest HDI?Slovenia
29%
Which Country Has The Highest HDI?Eritrea
21%
Which Country Has The Highest HDI?Germany
21%
Which Country Has The Highest HDI?Indonesia
14%
Which Country Has The Highest HDI?Seychelles
14%
Which Country Has The Highest HDI?Rwanda
7%
Which Country Has The Highest HDI?Afghanistan
0%

Score Distribution

Percentile by Number Answered

Percent of People with Each Score

Your Score History

You have not taken this quiz